1051 1031 1800 1197 1675 1457 1216 1038 1470 1839 1005 1455 1337 1384 1522 1416 1288 1758 1478 1199 1609 1806 1572 1177 1146 1652 1531 1808 1942 1595 1029 1036 1458 1406 1749 1088 1260 1184 1738 1874 1377 1035 1632 1777 1035 1036 1382 1382 1868 1775 1392 1975 1757 1485 1520 1378 1884 1805 1256 1088 1953 1356 1198 1173 1527 1682 1812 1572 1816 1061 1416 1232 1853 1815 1618 1401 1029 1905 1496 1293 1027 1942 1633 1406 1571 1783 1908 1287 1051 1870 1006 1240 1028 1262 1223 1547 1532 1089 1001 BCNSPRNW ULIB Ver.6.0+V

เปลี่ยนเป็นภาษาไทย

Change to English
 แสดงรายละเอียดบรรณานุกรม
  กลับหน้าหลัก

Brief Record : Get Marc (ISO 2709) : E-mail record : QR code < ปิดหน้าต่าง
LEADER : 00000nam 2200000uu 4500
001    13399122038
003     ULIB
008    121221s2551||||th 000 0 tha d
020    ^a9789740517733
060 04 ^aWK140^bม413ก 2551
100 0  ^aมาคุ้มครอง โปษยะจินดา
245 00 ^aการตรวจและรักษาโรคของต่อมไทรอยด์ด้วยสารกัมมันตรังสี /^cมาคุ้มครอง โปษยะจินดา
250    ^aพิมพ์ครั้งที่ 1
260    ^aกรุงเทพฯ :^bจรัลสนิทวงศ์การพิมพ์,^c2551
300    ^a376 หน้า
650  7 ^aสารกัมมันตรังสี
650  7 ^aต่อมธัยรอยด์^xการตรวจรักษา
945    ^p300^l0^i15433
995    ^aทศพร
999    ^aทศพร เกษรทอง
รายการนี้ยังไม่มีแท็ก
คุณยังไม่ได้ล็อกอิน คุณสามารถมีกิจกรรมร่วมกับเว็บไซต์ได้ แต่ต้องล็อกอินก่อน ::
  ล็อกอิน

รายการสื่อสารสนเทศ

ลำดับที่ ประเภท เลขเรียก/บาร์โค้ด สถานที่ สถานะ
1. วิทยาศาสตร์การแพทย์ และสุขภาพ
วิทยาศาสตร์การแพทย์ และสุขภาพ
WK140 ม413ก 2551 ฉ.1 
  Barcode: 15433
ห้องสมุดวิทยาเขตสวรรค์ประชารักษ์
►ส่วนจัดเก็บหนังสือเก่า สปร
บนชั้น
  ขอยืม

รายการใกล้เคียง
    ผู้แต่ง [มาคุ้มครอง โปษยะจินดา]

    หัวเรื่อง [สารกัมมันตรังสี]

BibComment


ยังไม่เคยถูกคอมเมนท์

คอมเมนท์ทรัพยากรรายการนี้
  คอมเมนท์: การตรวจและรักษาโ..


 Copyright 2026. Bcnsprnw @Library